Design Dialog Dialectics of in Architecture (Record no. 3300)
[ view plain ]
| 000 -LEADER | |
|---|---|
| fixed length control field | 00271nam a2200109Ia 4500 |
| 008 - FIXED-LENGTH DATA ELEMENTS--GENERAL INFORMATION | |
| fixed length control field | 200302s9999 xx 000 0 und d |
| 100 ## - MAIN ENTRY--PERSONAL NAME | |
| Personal name | Shireesh A. Deshpande |
| 245 ## - TITLE STATEMENT | |
| Title | Design Dialog Dialectics of in Architecture |
| 260 ## - PUBLICATION, DISTRIBUTION, ETC. | |
| Name of publisher, distributor, etc. | Publisher |
| 260 ## - PUBLICATION, DISTRIBUTION, ETC. | |
| Date of publication, distribution, etc. | 2013 |
| 300 ## - PHYSICAL DESCRIPTION | |
| Extent | 131 |
| Withdrawn status | Lost status | Source of classification or shelving scheme | Damaged status | Not for loan | Permanent Location | Current Location | Date acquired | Cost, normal purchase price | Full call number | Barcode | Date last seen | Price effective from | Koha item type | Public note |
|---|---|---|---|---|---|---|---|---|---|---|---|---|---|---|
| BMS College of Architecture, Design and Planning | BMS College of Architecture, Design and Planning | 2020-03-03 | 1200.00 | 174.97 | CL-UG64738 | 2020-03-03 | 2020-03-03 | UG Books from CL | S-06 | |||||
| BMS College of Architecture, Design and Planning | BMS College of Architecture, Design and Planning | 2020-03-03 | 1200.00 | 174.97 | CL-UG64739 | 2020-03-03 | 2020-03-03 | UG Books from CL | S-06 | |||||
| BMS College of Architecture, Design and Planning | BMS College of Architecture, Design and Planning | 2020-03-03 | 1200.00 | 174.97 | CL-UG64740 | 2020-03-03 | 2020-03-03 | UG Books from CL | S-06 | |||||
| BMS College of Architecture, Design and Planning | BMS College of Architecture, Design and Planning | 2020-03-03 | 1200.00 | 174.97 | CL-UG67779 | 2020-03-03 | 2020-03-03 | UG Books from CL | S-06 |